Les gnostiques /

محفوظ في:

المؤلف الرئيسي: Hutin, Serge (مؤلف)

التنسيق: كتاب

اللغة: French

منشور في: Paris : Presses Universitaires de France, 1959.

سلاسل: Que sais-je? ; 808.

الموضوعات:

الوسوم: إضافة وسم

لا توجد وسوم, كن أول من يضع وسما على هذه التسجيلة!

رقم الطلب: B638 .H3 1959

LEADER 00678nam a2200241Ii 4500
001 9174
003 OSt
005 20250914090703.0
008 130303s1959 fr b 000 0 fre d
040 |c ARCE Library 
050 4 |a B638 .H3 1959 
100 1 |a Hutin, Serge,  |e author  |9 32483 
245 1 4 |a Les gnostiques /  |c par Serge Hutin. 
264 1 |a Paris :  |b Presses Universitaires de France,  |c 1959. 
300 |a 126 pages ;  |c 18 cm. 
490 1 |a Que sais-je? ;   |v 808. 
504 |a Includes bibliographical references.  
650 0 |a Gnosticism. 
830 0 |a Que sais-je? ;   |v 808. 
852 |a IN  |c 20090707084407.0n  |p 8906 
901 |a reviewed 
942 |c BK  |2 lcc 
999 |c 11759  |d 11759